000 00488nam a2200169Ia 4500
003 GCL
008 140319s9999 xx 000 0 ara d
040 _aGCL /
_cGCL
082 0 4 _aد
_b050
100 1 _aحسنى درويش عبدالحميد
245 1 0 _aالقضاء حصن الحريات (اقرا 529 ) /
_cحسنى درويش عبدالحميد
300 _a159
490 _aاقرأ
_v0
650 0 4 _aالحرية
650 0 4 _aالحرية السياسية
942 _2ddc
_cBK
999 _c48627
_d48627